| 000 | 01074 a2200349 4500 | ||
|---|---|---|---|
| 001 | 160083 | ||
| 710 | 2 | 2 |
_aİstanbul Sanayi Odası _923094 |
| 999 |
_c160083 _d41316 |
||
| 003 | TR-AnTOB | ||
| 005 | 20240812114117.0 | ||
| 008 | 160815s2001 tu 001 0 | ||
| 020 | _z9758431242 | ||
| 040 | _aTR-AnTOB | ||
| 041 | _atur | ||
| 050 | 4 |
_aHB3716 _b.K76 2000 |
|
| 090 | _aHB3716 .K76 2000 | ||
| 100 | 1 |
_aKrugman, Paul _966063 |
|
| 245 | 1 | 0 |
_aBunalım ekonomisinin geri dönüşü / _cPaul Krugman ; Türkçesi Neşenur Domaniç. |
| 264 | 1 |
_aİstanbul : _bİSO, _c2001. |
|
| 300 |
_a187 p. ; _c22cm. |
||
| 490 | 0 |
_aLiteratür yayınları ; _v60. |
|
| 504 | _aIncludes index. | ||
| 650 | 3 |
_aBusiness cycles _xHistory _y20th century _966069 |
|
| 650 | 4 |
_aRecessions _xHistory _y20th century _966068 |
|
| 650 | 4 |
_aEconomic history _y1990- _x1990- _966067 |
|
| 650 | 4 |
_aEkonomi tarihi _y1990- _966066 |
|
| 650 | 4 |
_aKonjonktür _xTarih _y20.yüzyıl _966065 |
|
| 650 | 4 |
_aDurgunluk _xTarih _y20.yüzyıl _966064 |
|
| 700 |
_aDomaniç, Neşenur _972314 |
||
| 901 | _aT000011,T000012 | ||
| 902 | _aAA. | ||
| 942 | _cBK | ||